|
|
|
|
| LEADER |
01010nam a22002772a 4500 |
| 001 |
001390376 |
| 003 |
CZ BrMZK |
| 005 |
20150105142258.0 |
| 007 |
ta |
| 008 |
140527s1958 xr er|||||||||||cze d |
| 015 |
|
|
|a cnb000622836
|
| 035 |
|
|
|a (OCoLC)85460809
|
| 040 |
|
|
|a ABA001
|b cze
|c KLG001
|d ABA001
|
| 100 |
1 |
|
|a Beneš, Jan
|7 jk01011590
|4 aut
|
| 245 |
1 |
0 |
|a Drobná domovní údržba /
|c Jan Beneš
|
| 250 |
|
|
|a 1. vyd.
|
| 260 |
|
|
|a Praha :
|b Státní nakladatelství technické literatury,
|c 1958
|
| 300 |
|
|
|a 173 s.
|
| 490 |
1 |
|
|a Řada stavební literatury
|
| 830 |
|
0 |
|a Řada stavební literatury
|0 s
|
| 856 |
4 |
1 |
|u http://www.digitalniknihovna.cz/mzk/uuid/uuid:ce3818f0-e589-11e3-b72e-005056827e52
|y Digitalizovaný dokument
|x NDK
|
| 910 |
|
|
|a BOA001
|b 2-0407.331
|
| 990 |
|
|
|a BK
|
| 991 |
|
|
|b 201405
|
| 996 |
6 |
|
|b 2619124279
|c 2-0407.331
|l MZK
|r Sklad / do 24 hodin
|n 0
|w 001425350
|u 000020
|a 1
|e BOA001
|j MZK50
|s P
|
| 996 |
7 |
|
|b 2619636998
|c 2-0407.331
|l MZK
|r Sklad / do 24 hodin
|n 0
|w 001425350
|u 000010
|a 1
|e BOA001
|j MZK50
|s A
|